LDR 00919naa#a2200241#i#450# 001 EN\\bibl\126668 005 20260701074608.3 011 ## _a2074-9414 100 ## _a20260630b2026####ek#y0engy0150####ca 102 ## _aRU 200 1# _aOral Delivery of Bioactive Protein Molecules: Problems and Perspectives _eJournal article 210 1# _aKemerovo _cKemerovo State University _d2026 215 ## _a20 с. 608 ## _aJournal article _2local 675 ## _aХимическая технология. Химическая промышленность. Пищевая промышленность. Металлургия. Родственные отрасли. 66 _z 700 #1 _aMerzlyakova _gNatalia V. 700 #1 _aTikhonov _gSergey L. 700 #1 _aTikhonova _gNatalia V. 700 #1 _aTimofeeva _gMaria S. 700 #1 _aSemin _gAlexander N. 700 #1 _aKurdyumov _gAlexander V. 700 #1 _aLylov _gAnton S. 856 4# _amoloprom.kemsu.ru _u